000 01213nam a2200253Ia 4500
999 _c54518
_d54518
001 21581
003 GE_BSU
005 20211201170430.0
008 181216s ||||ge |||||||||||||| ||geo||
040 _cGE_BSU
041 _ageo
080 _a811.353.1-86 ი-50
100 _aიმნაიშვილი, ი.
_913134
245 _aქართული ენის ისტორიული ქრესტომათია :
_bტ.I ლექსიკონით, ენის მიმოხილვით და ტაბულებით, ნაწ.I ტექსტები და ლექსიკონი /
_cი. იმნაიშვილი ; რედ. ა. შანიძე.
264 _aთბილისი :
_bთბილ. უნ-ტის გამ-ბა,
_c1982.
300 _a383 გვ. ;
_c22 სმ.
541 _h4ლ.60თ.
653 _aტექსტები
653 _aლექსიკონი
653 _aქართული ენა
653 _aქართული ენის ისტორიული ქრესტომათია
700 _aშანიძე, ა.
_eრედაქტორი
_913135
942 _cBK
_2udc